Orchard book of swords, sorcerors & superheroes / (Record no. 49654)
| 000 -LEADER | |
|---|---|
| fixed length control field | 00900cam a2200265 i 4500 |
| 001 - CONTROL NUMBER | |
| control field | 18580412 |
| 005 - DATE AND TIME OF LATEST TRANSACTION | |
| control field | 20251013135550.0 |
| 008 - FIXED-LENGTH DATA ELEMENTS--GENERAL INFORMATION | |
| fixed length control field | 150417t20152003nyua j 000 1 eng |
| 010 ## - LIBRARY OF CONGRESS CONTROL NUMBER | |
| LC control number | 2014501744 |
| 020 ## - INTERNATIONAL STANDARD BOOK NUMBER | |
| International Standard Book Number | 9781435159600 |
| 020 ## - INTERNATIONAL STANDARD BOOK NUMBER | |
| International Standard Book Number | 9781841217772 |
| 035 ## - SYSTEM CONTROL NUMBER | |
| System control number | 18580412 |
| 040 ## - CATALOGING SOURCE | |
| Original cataloging agency | DLC |
| Language of cataloging | eng |
| Description conventions | rda |
| Transcribing agency | DLC |
| Modifying agency | DLC |
| 042 ## - AUTHENTICATION CODE | |
| Authentication code | pcc |
| 050 00 - LIBRARY OF CONGRESS CALL NUMBER | |
| Classification number | PZ7.B7275 |
| Item number | Swo 2015 |
| 082 00 - DEWEY DECIMAL CLASSIFICATION NUMBER | |
| Classification number | [Fic] |
| Edition number | 23 |
| 100 ## - MAIN ENTRY--PERSONAL NAME | |
| Personal name | Bradman, Tony, |
| Relator term | author. |
| 9 (RLIN) | 72389 |
| 245 10 - TITLE STATEMENT | |
| Title | Orchard book of swords, sorcerors & superheroes / |
| Statement of responsibility, etc | by Tony Bradman & Tony Ross. |
| 260 ## - PUBLICATION, DISTRIBUTION, ETC. (IMPRINT) | |
| Place of publication, distribution, etc | London: |
| Name of publisher, distributor, etc | Orchard Books; |
| Date of publication, distribution, etc | 2003. |
| 300 ## - PHYSICAL DESCRIPTION | |
| Extent | 127 pages : |
| Other physical details | color illustrations ; |
| Dimensions | 28 cm. |
| 500 ## - GENERAL NOTE | |
| General note | First published: London : Orchard, 2003 under the title The Orchard book of swords, sorcerors & superheroes. |
| 700 ## - ADDED ENTRY--PERSONAL NAME | |
| Personal name | Ross, Tony, |
| Relator term | illustrator. |
| 9 (RLIN) | 45096 |
| 942 ## - ADDED ENTRY ELEMENTS (KOHA) | |
| Source of classification or shelving scheme | |
| Koha item type | Book |
| Withdrawn status | Lost status | Source of classification or shelving scheme | Damaged status | Not for loan | Home library | Current library | Date acquired | Total Checkouts | Full call number | Barcode | Date last seen | Price effective from | Koha item type |
|---|---|---|---|---|---|---|---|---|---|---|---|---|---|
| Logos International School | Logos International School | 10/13/2025 | J 823.914 BRA | 041819 | 10/14/2025 | 10/13/2025 | Book |